000 00927nam a22002537a 4500
999 _c15768
_d15768
003 AR-CdUCM
008 190429b ||||| |||| 00| 0 spa d
020 _a97861247080-3-9
040 _aMUNICIPALIDAD PROVINCIAL DEL CUSCO
_cBIBLIOTECA MUNICIPAL DEL CUSCO
082 _a338.16 /
_bS5
110 _aSistema Nacional de Evaluación, Acreditación y Certificación de la Calidad Educativa (Perú)
_934969
245 _a24 historias de éxito de certificación de competencias /
260 _aLima :
_bSINEACE,
_c2016.
300 _a125 páginas ;
_bIlustraciones, mapas,
_c21 cm.
505 _aContenido: 24 historias de éxito de certificación de competencias.
650 _aExtensión agrícola
_934970
650 _aGanaderos
_934971
650 _aAgricultores
_915211
650 _aCapacitación
_97459
650 _aCertificación
_934972
650 _aPerú
_935
942 _2ddc
_cLIBROS
945 _aacv
_d2019-04-29